000 00879nam a2200241Ia 4500
003 OSt
005 20220923214910.0
006 a|||||r|||| 00| 0
007 ta
008 220922b |||||||| |||| 00| 0 hin d
024 _a173,585
037 _cTextual
040 _aARTS
_cARTS
_bhin
041 _2hin
_ahin
082 _aO152,6M44:g, J8
100 _aशर्मा, राजेन्द्र प्रसाद
245 0 _aहिन्दी गद्य के निर्माता पण्डित बालकृष्ण भट्ट
246 _aHindī gadya ke nirmātā paṇḍit bālakṛuṣhṇa bhaṭṭa
260 _c1958
650 _aहिन्दी साहित्य
_9156264
942 _hO152,6M44:g, J8
_cTEXL
_2CC
999 _c327475
_d327475